Compiler design in C (Record no. 901)

MARC details
000 -LEADER
fixed length control field 00446 a2200169 4500
001 - CONTROL NUMBER
control field 066908
003 - CONTROL NUMBER IDENTIFIER
control field OSt
005 - DATE AND TIME OF LATEST TRANSACTION
control field 20211021170132.0
008 - FIXED-LENGTH DATA ELEMENTS--GENERAL INFORMATION
fixed length control field
082 ## - DEWEY DECIMAL CLASSIFICATION NUMBER
Classification number 005.453
Item number H74C
100 1# - MAIN ENTRY--PERSONAL NAME
Personal name Holub, Allen I.
245 1# - TITLE STATEMENT
Title Compiler design in C
Statement of responsibility, etc by Allen I. Holub
260 ## - PUBLICATION, DISTRIBUTION, ETC. (IMPRINT)
Place of publication, distribution, etc New Delhi
Name of publisher, distributor, etc PHI
Date of publication, distribution, etc 1990
300 ## - PHYSICAL DESCRIPTION
Extent 924p.
690 ## - LOCAL SUBJECT ADDED ENTRY--TOPICAL TERM (OCLC, RLIN)
Topical term or geographic name as entry element Compilers (Computer programs); C (Computer program language)
942 ## - ADDED ENTRY ELEMENTS (KOHA)
Source of classification or shelving scheme Dewey Decimal Classification
Koha item type Books
Holdings
Withdrawn status Lost status Source of classification or shelving scheme Damaged status Not for loan Collection code Home library Current library Date acquired Source of acquisition Cost, normal purchase price Full call number Barcode Date last seen Price effective from Koha item type
    Dewey Decimal Classification     General Text Book Central University Of Rajasthan Central University Of Rajasthan 07/03/2012 CSC 450.00 005.453 H74C 1194 21/11/2024 02/09/2020 Books